| 000 | 00824nam a2200241 a 4500 | ||
|---|---|---|---|
| 999 |
_c10718 _d10718 |
||
| 001 | 10718 | ||
| 003 | BD-JhCC | ||
| 005 | 20220804134023.0 | ||
| 008 | 180811b20142018bg |||| ||a| 000 0 be d | ||
| 020 | _a9789849070597 | ||
| 035 | _a(BD-JhCC)10718 | ||
| 040 |
_aBD-JhCC _dBD-JhCC |
||
| 041 | _aben | ||
| 082 |
_a891.443 _bJOL 2014 |
||
| 100 | _aজলদাস, হরিশংকর | ||
| 245 |
_aপ্রতিদ্বন্দ্বী / _cহরিশংকর জলদাস |
||
| 260 |
_aঢাকা : _bমওলা ব্রাদার্স ; _c2014. |
||
| 300 |
_a152 p. : _c20 cm. |
||
| 500 | _aব্র্যাক ব্যাংক-সমকাল সাহিত্য পুরষ্কার 2014 প্রাপ্ত । | ||
| 651 | _aBengoli Novel | ||
| 942 |
_2lcc _cBK _09 |
||